| 000 | 01028nam a2200241Ia 4500 | ||
|---|---|---|---|
| 001 | 8964 | ||
| 003 | GE_BSU | ||
| 008 | 181216s||||||||xx |||||||||||||| ||und|| | ||
| 020 | _a9789941060595 | ||
| 040 | _cGE_BSU | ||
| 080 | _a325.1+351.756.5 | ||
| 100 | _aკაჟმირკევიჩი,პიოტრ | ||
| 245 | _aგზა ღია ევროპისკენ | ||
| 245 | _bადვოკატების სახ–ლო სამოქ. საზ. მიგრაციისა სავიზო პოლიტიკის გააზრება და მასზე ზემოქმედების მოხდენა | ||
| 245 | _cრედ.ლია კაჭარავა | ||
| 260 | _aთბილისი | ||
| 260 | _b[გ.გ] | ||
| 260 | _c2013 | ||
| 300 | _a68გვ.22სმ. | ||
| 653 | _aგზა ღია ევროპისკენ | ||
| 653 | _aსავიზო პოლიტიკა; მიგრაციის პოლიტიკა | ||
| 942 | _cBK | ||
| 999 |
_c42269 _d42269 |
||